|
|
|
|
| LEADER |
05279cai a2201033 i 4500 |
| 001 |
nkc20061643085 |
| 003 |
CZ PrNK |
| 005 |
20250929145313.0 |
| 007 |
ta |
| 008 |
060215c20039999xr x fc 0 b2cze |
| 015 |
|
|
|a cnb001643085
|z cnb002722502
|
| 035 |
|
|
|a (OCoLC)85166957
|
| 040 |
|
|
|a ABA001
|b cze
|d OLA001
|e rda
|
| 043 |
|
|
|a e-xr---
|
| 045 |
|
|
|a y0y3
|
| 072 |
|
7 |
|a 331
|x Práce
|2 Konspekt
|9 4
|
| 080 |
|
|
|a 331.108.2
|2 MRF
|
| 080 |
|
|
|a 005.951
|2 MRF
|
| 080 |
|
|
|a 331.2
|2 MRF
|
| 080 |
|
|
|a 351
|2 MRF
|
| 080 |
|
|
|a 35
|2 MRF
|
| 080 |
|
|
|a (437.3)
|2 MRF
|
| 080 |
|
|
|a (083.82)
|2 MRF
|
| 080 |
|
|
|a (094.5)
|2 MRF
|
| 080 |
|
|
|a (035)
|2 MRF
|
| 100 |
1 |
|
|a Tomší, Ivan,
|d 1954-
|7 mzk2004148568
|4 aut
|
| 245 |
1 |
0 |
|a Katalog prací ve veřejných službách :
|b katalog správních činností /
|c Ivan Tomší
|
| 246 |
3 |
|
|a Katalog prací - 16 platových tříd
|
| 246 |
3 |
0 |
|a Katalog správních činností
|
| 246 |
3 |
0 |
|a Zařazování zaměstnanců a státních zaměstnanců do platových tříd
|
| 247 |
1 |
0 |
|a Katalog prací :
|b uplatňování podle povolání a platových tříd ve veřejných službách a správě od ...
|f 2004-2010
|
| 247 |
1 |
0 |
|a Katalog prací ve veřejných službách a správě :
|b katalog správních činností : zařazování zaměstnanců a státních zaměstnanců do platových tříd
|f 2010-2019
|
| 247 |
1 |
0 |
|a Katalog prací ve veřejných službách a správě :
|b katalog správních činností : zařazování zaměstnanců a státních zaměstnanců do platových tříd : včetně kódů CZ-ISCO u jednotlivých příkladů prací
|f 2023
|
| 264 |
|
1 |
|a Olomouc :
|b ANAG,
|c [2003]-
|
| 300 |
|
|
|a ^^^svazků ;
|c 21-22 cm
|
| 310 |
|
|
|a Aktualizováno nepravidelně
|
| 336 |
|
|
|a text
|b txt
|2 rdacontent
|
| 337 |
|
|
|a bez média
|b n
|2 rdamedia
|
| 338 |
|
|
|a svazek
|b nc
|2 rdacarrier
|
| 490 |
1 |
|
|a Práce, mzdy, pojištění
|
| 500 |
|
|
|a Součástí podnázvu je do roku 2010 datum, podnázev se mírně mění
|
| 500 |
|
|
|a Do 3. aktualizovaného vydání autoři: František Alinče a Ivan Tomší
|
| 500 |
|
|
|a Jednotlivé svazky mají ISBN
|
| 588 |
|
|
|a Popsáno podle: 2004 včetně: 2025 (6. aktualizované vydání)
|5 CZ-PrNK
|
| 541 |
|
|
|c pv-i
|
| 648 |
|
7 |
|a 2001-2030
|7 ch1169837
|2 czenas
|
| 650 |
0 |
7 |
|a zaměstnanci
|7 ph127532
|z Česko
|2 czenas
|
| 650 |
0 |
7 |
|a pracovní pozice
|7 ph124530
|z Česko
|2 czenas
|
| 650 |
0 |
7 |
|a platy
|7 ph188875
|z Česko
|2 czenas
|
| 650 |
0 |
7 |
|a veřejné služby
|7 ph118363
|z Česko
|y 2001-2030
|2 czenas
|
| 650 |
0 |
7 |
|a veřejná správa
|7 ph127076
|z Česko
|y 2001-2030
|2 czenas
|
| 650 |
0 |
9 |
|a employees
|z Czechia
|2 eczenas
|
| 650 |
0 |
9 |
|a job positions
|z Czechia
|2 eczenas
|
| 650 |
0 |
9 |
|a salaries
|z Czechia
|2 eczenas
|
| 650 |
0 |
9 |
|a public utilities
|z Czechia
|y 2001-2030
|2 eczenas
|
| 650 |
0 |
9 |
|a public administration
|z Czechia
|y 2001-2030
|2 eczenas
|
| 655 |
|
7 |
|a katalogy
|7 fd132535
|2 czenas
|
| 655 |
|
7 |
|a zákony
|7 fd133886
|2 czenas
|
| 655 |
|
7 |
|a právní předpisy
|7 fd133151
|2 czenas
|
| 655 |
|
7 |
|a příručky
|7 fd133209
|2 czenas
|
| 655 |
|
9 |
|a catalogs
|2 eczenas
|
| 655 |
|
9 |
|a laws
|2 eczenas
|
| 655 |
|
9 |
|a legal regulations
|2 eczenas
|
| 655 |
|
9 |
|a handbooks and manuals
|2 eczenas
|
| 700 |
1 |
|
|a Alinče, František,
|d 1947-
|7 mzk2003214833
|4 aut
|
| 830 |
|
0 |
|a Práce, mzdy, pojištění
|0 s
|
| 856 |
4 |
1 |
|u http://www.digitalniknihovna.cz/mzk/uuid/uuid:36597090-4674-11e5-8b04-5ef3fc9bb22f
|y Digitalizovaný dokument
|x NDK
|
| 902 |
|
|
|a 80-7263-189-6
|q (1.1.2004 ;
|q vázáno)
|
| 902 |
|
|
|a 80-7263-311-2
|q (1.1.2006 ;
|q vázáno)
|
| 902 |
|
|
|a 978-80-7263-614-3
|q (1.10.2010 ;
|q vázáno)
|
| 902 |
|
|
|a 978-80-7263-960-1
|q (2015 ;
|q vázáno)
|
| 902 |
|
|
|a 978-80-7554-123-9
|q (2018 ;
|q vázáno)
|
| 902 |
|
|
|a 978-80-7554-200-7
|q (2019 ;
|q vázáno)
|
| 902 |
|
|
|a 978-80-7554-387-5
|q (2023 ;
|q vázáno)
|
| 902 |
|
|
|a 978-80-7554-424-7
|q (2025 ;
|q vázáno)
|
| 910 |
2 |
|
|a BOA001
|b 2-1127.457
|s 2004, 2006, 2010, 2015, 2018-2025-
|
| 920 |
|
|
|a 000701959
|
| 990 |
|
|
|a SE
|
| 995 |
|
|
|a 01
|
| 996 |
6 |
|
|b 2610209689
|c 2-1127.457
|d 2004 (od 1.1.2004)
|y 2004
|l MZK
|r Sklad / do 1 hodiny
|n 1
|p p.v.
|w 000701959
|u 000010
|a 1
|e BOA001
|j MZK50
|s P
|
| 996 |
6 |
|
|b 2610211373
|c 2-1127.457
|d 2004
|y 2004
|l MZK
|r Sklad / do 1 hodiny
|n 6
|p kup
|w 000701959
|u 000020
|a 1
|e BOA001
|j MZK50
|s P
|
| 996 |
6 |
|
|b 2610272517
|c 2-1127.457
|d 2006 (od 1.1.2006)
|y 2006
|l MZK
|r Sklad / do 1 hodiny
|n 1
|p p.v.
|w 000701959
|u 000030
|a 1
|e BOA001
|j MZK50
|s P
|
| 996 |
6 |
|
|b 2610450331
|c 2-1127.457
|d 2010 (od 1.10.2010)
|v 1
|y 2010
|l MZK
|r Sklad / do 1 hodiny
|n 0
|p p.v.
|w 000701959
|u 000040
|a 1
|e BOA001
|j MZK50
|s P
|
| 996 |
6 |
|
|b 2610641972
|c 2-1127.457
|d 2015 2
|v 2
|y 2015
|l MZK
|r Sklad / do 1 hodiny
|n 1
|p p.v.
|w 000701959
|u 000050
|a 1
|e BOA001
|j MZK50
|s P
|
| 996 |
6 |
|
|b 2610643200
|c 2-1127.457
|d 2015 2
|v 2
|y 2015
|l MZK
|r Sklad / do 1 hodiny
|n 0
|p kup
|w 000701959
|u 000060
|a 1
|e BOA001
|j MZK50
|s P
|
| 996 |
6 |
|
|b 2610738742
|c 2-1127.457
|d 2018 3
|v 3
|y 2018
|l MZK
|r Sklad / do 1 hodiny
|n 0
|p p.v.
|w 000701959
|u 000070
|a 1
|e BOA001
|j MZK50
|s P
|
| 996 |
6 |
|
|b 2610796674
|c 2-1127.457
|d 2019 4
|v 4
|y 2019
|l MZK
|r Sklad / do 1 hodiny
|n 1
|p p.v.
|w 000701959
|u 000080
|a 1
|e BOA001
|j MZK50
|s P
|
| 996 |
6 |
|
|b 2610935968
|c 2-1127.457
|d 2023 5
|v 5
|y 2023
|l MZK
|r POP
|n 0
|p p.v. ; Chlupová
|w 000701959
|u 000090
|a 1
|e BOA001
|j MZK50
|s P
|
| 996 |
6 |
|
|b 2611012530
|c 2-1127.457
|d 2025 6
|v 6
|y 2025
|l MZK
|r POP
|n 0
|p p.v. ; I.Dvořáčková
|w 000701959
|u 000100
|a 1
|e BOA001
|j MZK50
|s P
|